MARC
| LEADER | 00000nam a2200000Ia 4500 | ||
|---|---|---|---|
| 008 | 170316s9999 xx 000 0 und d | ||
| 090 | |a 415-F B-2t | ||
| 100 | |a Bétourné, Henriette | ||
| 245 | |a Test and drills in french grammar | ||
| 260 | |a La Habana, Cuba | ||
| 260 | |b Lex | ||
| 260 | |c 1954 | ||
| 300 | |a 226 páginas | ||
| 650 | |a GRAMÁTICA FRANCESA | ||
| 999 | |c 19132 |d 19132 | ||
| 040 | |a cru BVZT | ||
| 942 | |c 15 D |h 415-F B-2t |2 z | ||
